| 000 | 00539nam a22001817a 4500 | ||
|---|---|---|---|
| 003 | koha_MIRAKIL | ||
| 005 | 20260114122718.0 | ||
| 008 | 231213b |||||||| |||| 00| 0 ||| d | ||
| 020 | _a9789751029713 | ||
| 040 |
_aTR-IsEVY _btur _cTR-IsEVY |
||
| 082 | _a578.74 SAL/Ç | ||
| 100 | _aSalas, Laura Purdie | ||
| 245 | 0 |
_aÇayırlar : _byeşil ve altın sarısı alanlar / _cLaura Purdie Salas. |
|
| 260 |
_bMandolin, _c2010 |
||
| 300 | _a24. | ||
| 650 |
_aDoğa Bilimleri. _vEkosistemler. _vÇayırlar. _vYaşam Alanları. |
||
| 942 |
_2ddc _cBK |
||
| 999 |
_c5082 _d5082 |
||